🔮 Purple Map Quiz - Name Africa Countries - Statistics

General Stats
  • This quiz has been taken 95 times
  • The average score is 51 of 54
Answers on the Map
Answers color-coded by a green-red scale on the quiz's map according to % correct below.
 
Answer Stats
Answer % Correct
Algeria
100%
Angola
98%
Central AfricanRepublic
98%
D.R. Congo
98%
Egypt
98%
Madagascar
98%
Morocco
98%
South Africa
98%
South Sudan
98%
Uganda
98%
Zambia
98%
Zimbabwe
98%
Botswana
96%
Chad
96%
Ethiopia
96%
Kenya
96%
Libya
96%
Mali
96%
Mozambique
96%
Niger
96%
Nigeria
96%
Sudan
96%
Tunisia
96%
Djibouti
95%
Gambia
95%
Guinea
95%
Lesotho
95%
Namibia
95%
Rep. of the Congo
95%
Rwanda
95%
Somalia
95%
Benin
93%
Cameroon
93%
Equatorial Guinea
93%
Eritrea
93%
Eswatini
93%
Guinea-Bissau
93%
Liberia
93%
Mauritania
93%
Mauritius
93%
Senegal
93%
Seychelles
93%
Tanzania
93%
Cape Verde
91%
Gabon
91%
Ghana
91%
Ivory Coast
91%
Togo
91%
Burkina Faso
89%
Comoros
89%
Malawi
89%
São Tomé and Príncipe
89%
Burundi
87%
Sierra Leone
87%
No matching quizzes found
Score Distribution
Percent of People with Each Score
Percentile by Number Answered
Your Score History
You have not taken this quiz